000 00316nam a2200133Ia 4500
005 20251222155148.0
008 251222s9999||||xx |||||||||||||| ||spa||
082 _aREL.66
100 _aGRANDE Virgilio.
245 0 _aPalabras desde el corazón
250 _a1ra. ed.
264 _bReligiosos camilos
942 _cLIB
999 _c39455
_d39455